Sermão de Santo António aos Peixes (Registo nº 853)
[ vista simples ]
| 000 -Etiqueta do registo | |
|---|---|
| Cabeçalho | 00753nam a2200277 i 4500 |
| 005 - Identificador da versão | |
| Campo de controlo | 20240813121817.0 |
| 010 ## - Número internacional normalizado dos livros (ISBN) | |
| Número (ISBN) | 9789895523030 |
| 021 ## - Número do Depósito Legal | |
| Código do país | PT |
| Número | 270014/08 |
| 035 ## - Other System Control Numbers | |
| System Control Number | 0000920 |
| System Control Number | 0000913 |
| System Control Number | 0000900 |
| 100 ## - Dados gerais de processamento | |
| Dados gerais de processamento | 20081020 2008 d y0pory5003 ba |
| 102 ## - Pais de publicação ou produção | |
| País de publicação | Portugal |
| 101 0# - Língua de publicação | |
| Língua do texto, banda sonora, etc. | Português |
| 215 ## - Descrição física | |
| Indicação específica da natureza do documento e extensão da espécie | 18 p. |
| Outras indicações físicas | il. |
| 200 1# - Titulo e menção de responsabilidade | |
| Título próprio | Sermão de Santo António aos Peixes |
| Primeira menção de responsabilidade | Rui Lage |
| Outras menções de responsabilidade | il. André Letria |
| 225 2# - Colecção | |
| Título próprio da colecção | Clássicos da Literatura Portuguesa contados às Crianças |
| Indicação de volume | 8 |
| 205 ## - Menção da edição | |
| Menção da edição | 1ª edição |
| 210 ## - Publicação, Distribuição, etc. | |
| Lugar da edição, distribuição, etc. | Vila Nova de Famalicão |
| Nome do editor, distribuidor, etc. | Quasi |
| Data da publicação, distribuição, etc. | 2008 |
| 701 #1 - Nome de autor-pessoa física (co-responsabilidade principal) | |
| Palavra de ordem | Letria |
| Outra parte do nome não tomada para palavra de ordem | André |
| Código de função | Ilustrador / Técnico de desenho computorizado |
| 700 #1 - Nome de autor-pessoa física (responsabilidade principal) | |
| Número de registo de entrada de autoridade | 0001102 |
| Palavra de ordem | Lage |
| Outra parte do nome não tomada para palavra de ordem | Rui |
| 966 ## - Identificação da Biblioteca | |
| Sigla | NUMETECA |
| 942 ## - Elementos de entrada adicionados (Koha) | |
| Tipo de item no Koha | Livro |
| Situação do levantamento | Origin of item (home branch) (coded) | Biblioteca de empréstimo | Código de barras | Cota | Circulation type (not for loan) | Tipo de documento | Nota do exemplar | Damaged status |
|---|---|---|---|---|---|---|---|---|
| Biblioteca Escolar Eng. Nuno Mergulhão | Biblioteca Escolar Eng. Nuno Mergulhão | BENM1550 | 8POR LAG | Livro | Sem mensagem |
